El perro que quería ser gato / (Registro nro. 7586)
[ vista simple ]
| 000 -LIDER | |
|---|---|
| fixed length control field | 00931nam a2200277 a 4500 |
| 001 - NÚMERO DE CONTROL | |
| Identificador de número de control | 000037980 |
| 003 - IDENTIFICACDOR DE NÚMERO DE CONTROL | |
| control field | DO-SdBNP |
| 005 - DATE AND TIME OF LATEST TRANSACTION | |
| control field | 20171016131741.0 |
| 007 - CAMPOS FIJOS DE DESCRIPCIÓN FÍSICA | |
| fixed length control field | 000037980 |
| 008 - ELEMENTOS DE LONGITUD FIJA | |
| fixed length control field | 130311s2005 dr 000 0 spa d |
| 020 ## - ISBN | |
| International Standard Book Number | 9945111248 |
| 040 ## - FUENTE DE CATALOGACIÓN | |
| Agencia que crea de manera original el registro | BPMSU |
| Idioma de catalogación | spa |
| Agencia que realiza la transcripción | BPMSU |
| 082 #4 - NÚMERO DE CLASIFICACIÓN DECIMAL DE DEWEY | |
| Classification number | RD863.44 |
| Item number | B891p |
| 100 ## - ASIENTO PRINCIPAL -- NOMBRE PERSONAL | |
| Término de relación | Brugal, María Consuelo |
| 245 13 - MENCIÓN DE TITULO | |
| Título | El perro que quería ser gato / |
| Mención de responsabilidad | María Consuelo Brugal ; ilustraciones Elías Roedán |
| 260 ## - PUBLICACIÓN, DISTRIBUCIÓN, ETC. (PIE DE IMPRENTA) | |
| Nombre del editor, distribuidor, etc. | Alfaguara, |
| -- | Búho |
| Lugar de publicación, distribución, etc | Santo Domingo : |
| Fecha de publicación, distribución, etc | 2005 |
| 300 ## - DESCRIPCIÓN FÍSICA | |
| Extensión | 35 p. : |
| Otros detalles físicos | il. ; |
| Dimensiones | 20 cm. |
| 490 ## - MENCIÓN DE SERIES | |
| Mención de serie | Afaguara infantil |
| 500 ## - NOTA GENERAL | |
| Nota general | La biblioteca posee la 2 reimpresión del 2008, 3 reimpresión del 2010 y quinta reimpresión del 2013 |
| 700 ## - ASIENTO SECUNDARIO -- NOMBRE PERSONAL | |
| Nombre personal | Roedán, Elías |
| Mención de responsabilidad | il. |
| 830 ## - ASIENTO SECUNDARIO DE SERIE--TÍTULO UNIFORME | |
| Título uniforme | Alfaguara infantil |
| 942 ## - ADDED ENTRY ELEMENTS (KOHA) | |
| Source of classification or shelving scheme | Dewey Decimal Classification |
| Koha item type | Libros |
| 945 ## - INFORMACIÓN DE PROCESAMIENTO LOCAL | |
| Información de procesamiento local | Inventariado infantil / 2017 VM |
| 956 ## - LOCAL ELECTRONIC LOCATION AND ACCESS (OCLC) | |
| Nombre de host | VMATEO |
| Número de acceso | 10 |
| Información de compresión | 20130423 |
| Inicio de sesión | BPMSU |
| Procesador de solicitud | 0069 |
| 956 ## - LOCAL ELECTRONIC LOCATION AND ACCESS (OCLC) | |
| Nombre de host | Validado. Control de calidad MFF |
| Withdrawn status | Lost status | Source of classification or shelving scheme | Damaged status | Not for loan | Collection code | Home library | Current library | Date acquired | Source of acquisition | Total Checkouts | Full call number | Barcode | Date last seen | Price effective from | Koha item type | Copy number |
|---|---|---|---|---|---|---|---|---|---|---|---|---|---|---|---|---|
| Dewey Decimal Classification | Colección Infantil Dominicana | Biblioteca Pública Metropolitana Salomé Ureña | Biblioteca Pública Metropolitana Salomé Ureña | 03/27/2015 | Donación | RD863.44 B891p | BPMSU15040326 | 03/27/2015 | 03/27/2015 | Libros | ||||||
| Dewey Decimal Classification | Colección Infantil Dominicana | Biblioteca Pública Metropolitana Salomé Ureña | Biblioteca Pública Metropolitana Salomé Ureña | 03/27/2015 | Alfaguara | RD863.44 B891p | BPMSU15040327 | 03/27/2015 | 03/27/2015 | Libros | e. 2 | |||||
| Dewey Decimal Classification | Colección Infantil Dominicana | Biblioteca Pública Metropolitana Salomé Ureña | Biblioteca Pública Metropolitana Salomé Ureña | 03/27/2015 | Alfagurara | RD863.44 B891p | BPMSU15040328 | 03/27/2015 | 03/27/2015 | Libros | e. 3 |